[Event "EU-ch Online U2300 Final"]
[Site "Chess.com INT"]
[Date "2020.05.26"]
[Round "5"]
[White "Laptii, Nazar"]
[Black "Radosevic, Nenad"]
[Result "0-1"]
[WhiteElo "2180"]
[BlackElo "2157"]
[PlyCount "64"]
[EventDate "2020.05.26"]
[EventType "swiss"]
[EventRounds "8"]
[EventCountry "NET"]
[SourceTitle "CBM 196 Extra"]
[Source "ChessBase"]
[SourceDate "2020.07.31"]
[SourceVersion "1"]
[SourceVersionDate "2020.07.31"]
[SourceQuality "1"]

1. e4 e6 2. d3 e5 3. Nc3 Nf6 4. g3 Bc5 5. Bg2 a6 6. Nge2 d6 7. 0-0 Bg4 8. h3 Bd7 9. Kh2 Nc6 10. f4 h5 11. fxe5 Ng4+ 12. Kh1 Nf2+ 13. Rxf2 Bxf2 14. exd6 cxd6 15. Nd5 Bg4 16. Qf1 Ba7 17. c3 h4 18. d4 hxg3 19. Nxg3 Qd7 20. Kh2 0-0-0 21. Ne3 Ne7 22. Nxg4 Qxg4 23. Bf3 Qh4 24. Bg2 f6 25. b4 d5 26. exd5 Bb8 27. Qf3 Rxd5 28. c4 Qxg3+ 29. Qxg3 Bxg3+ 30. Kxg3 Rxd4 31. Bb2 Nf5+ 32. Kh2 Rxc4 0-1

[Event "EU-ch Online U2300 Final"]
[Site "Chess.com INT"]
[Date "2020.05.26"]
[Round "3"]
[White "Ruperez Benito, Antonio"]
[Black "Radosevic, Nenad"]
[Result "1-0"]
[WhiteElo "2356"]
[BlackElo "2157"]
[PlyCount "69"]
[EventDate "2020.05.26"]
[EventType "swiss"]
[EventRounds "8"]
[EventCountry "NET"]
[SourceTitle "CBM 196 Extra"]
[Source "ChessBase"]
[SourceDate "2020.07.31"]
[SourceVersion "1"]
[SourceVersionDate "2020.07.31"]
[SourceQuality "1"]

1. e4 e6 2. b3 c5 3. Nf3 Nc6 4. Bb2 d6 5. d4 cxd4 6. Nxd4 Nf6 7. Nxc6 bxc6 8. e5 dxe5 9. Qxd8+ Kxd8 10. Bxe5 Bb4+ 11. c3 Ba5 12. Nd2 Bc7 13. Nc4 Bxe5 14. Nxe5 Bd7 15. Nxf7+ Ke7 16. Nxh8 Rxh8 17. Be2 Nd5 18. Rc1 c5 19. Bf3 Rf8 20. 0-0 Nf4 21. Rcd1 Rf6 22. Rfe1 Nh3+ 23. Kf1 Ng5 24. Bd5 Nf7 25. Re3 g5 26. Bf3 Nh6 27. h3 Nf5 28. Re5 Be8 29. Rxc5 h5 30. Rc7+ Kf8 31. Rd8 g4 32. hxg4 hxg4 33. Bc6 Ng7 34. Bxe8 Nxe8 35. Rcc8 1-0

[Event "EU-ch Online U2300 Qual"]
[Site "Chess.com INT"]
[Date "2020.05.25"]
[Round "4"]
[White "Bianchi, Guillaume"]
[Black "Radosevic, Nenad"]
[Result "1-0"]
[WhiteElo "2173"]
[BlackElo "2157"]
[PlyCount "73"]
[EventDate "2020.05.25"]
[EventType "swiss"]
[EventRounds "8"]
[EventCountry "NET"]
[SourceTitle "EXT 2021"]
[Source "ChessBase"]
[SourceDate "2020.10.23"]
[SourceVersion "1"]
[SourceVersionDate "2020.10.23"]
[SourceQuality "1"]

1. d4 Nf6 2. Bg5 e6 3. e4 Be7 4. e5 Ne4 5. Be3 d5 6. Nd2 Nxd2 7. Qxd2 c5 8. c3 Nc6 9. a3 Bd7 10. Nf3 Qb6 11. dxc5 Bxc5 12. Bxc5 Qxc5 13. Bd3 h6 14. 0-0 Qe7 15. c4 dxc4 16. Bxc4 0-0 17. Rad1 Rfd8 18. Rfe1 Qc5 19. Qe2 a6 20. h4 b5 21. Bd3 Ne7 22. Qe4 Nf5 23. Qf4 Bc6 24. Bxf5 exf5 25. Qxf5 Qe7 26. g3 Qb7 27. Nh2 Rac8 28. Rd6 Bd5 29. Rd1 Rxd6 30. exd6 Be6 31. Qf3 Qd7 32. Qd3 Bf5 33. Qe3 Be6 34. Qd3 Rc6 35. Nf3 Bg4 36. Ne5 Qc8 37. Nxg4 1-0

[Event "EU-ch Online U2300 Qual"]
[Site "Chess.com INT"]
[Date "2020.05.25"]
[Round "1"]
[White "Radosevic, Nenad"]
[Black "Budisavljevic, Luka"]
[Result "0-1"]
[WhiteElo "2157"]
[BlackElo "2444"]
[PlyCount "84"]
[EventDate "2020.05.25"]
[EventType "swiss"]
[EventRounds "8"]
[EventCountry "NET"]
[SourceTitle "EXT 2021"]
[Source "ChessBase"]
[SourceDate "2020.10.23"]
[SourceVersion "1"]
[SourceVersionDate "2020.10.23"]
[SourceQuality "1"]

1. d4 Nf6 2. Nf3 e6 3. c4 c5 4. d5 d6 5. Nc3 exd5 6. cxd5 g6 7. e4 a6 8. a4 Bg4 9. Be2 Bxf3 10. Bxf3 Bg7 11. 0-0 Nbd7 12. Bf4 Qe7 13. Re1 0-0 14. Qc2 Rab8 15. Be2 Ne8 16. Bf1 Nc7 17. h3 Rfc8 18. Ra2 b5 19. axb5 axb5 20. Ra7 c4 21. b4 Bd4 22. Ra3 Ra8 23. Rxa8 Rxa8 24. Be3 Qf6 25. Bxd4 Qxd4 26. Ne2 Qf6 27. Qd2 Ne5 28. Qe3 Nd3 29. Rb1 Ra2 30. f3 Na6 31. Nd4 Naxb4 32. Nxb5 Nc2 33. Qb6 Nce1 34. Nxd6 Nxf3+ 35. gxf3 Qg5+ 36. Kh1 Nf2+ 37. Kh2 Nxe4+ 38. Rb2 Rxb2+ 39. Qxb2 Qg3+ 40. Kh1 Nf2+ 41. Qxf2 Qxf2 42. Bxc4 Qxf3+ 0-1

[Event "SA-2019-0-00705"]
[Site "LSS email"]
[Date "2019.11.10"]
[Round "?"]
[White "Orlov, Vladimir"]
[Black "Radosevic, Nenad"]
[Result "1-0"]
[WhiteElo "2197"]
[BlackElo "2166"]
[PlyCount "37"]
[EventDate "2019.10.12"]
[EventType "tourn (corr)"]
[EventRounds "6"]
[EventCountry "GER"]
[SourceTitle "Corr 2022"]
[Source "ChessBase"]
[SourceDate "2021.10.24"]
[SourceVersion "1"]
[SourceVersionDate "2021.10.24"]
[SourceQuality "1"]

1. e4 c6 2. Nf3 d5 3. Nc3 e6 4. d4 Bb4 5. e5 c5 6. dxc5 Bxc3+ 7. bxc3 Qa5 8. Bd3 Qxc3+ 9. Bd2 Qxc5 10. 0-0 Nc6 11. Rb1 Qe7 12. c4 Qd7 13. cxd5 Qxd5 14. Qc2 Nge7 15. Rfd1 Ng6 16. Be4 Nd4 17. Nxd4 Qxd4 18. Bb4 Qb6 19. Qa4+ 1-0

[Event "OP-2019-0-04826"]
[Site "LSS email"]
[Date "2019.08.16"]
[Round "?"]
[White "Gonzalez Castells, Jose Maria"]
[Black "Radosevic, Nenad"]
[Result "1-0"]
[WhiteElo "1303"]
[BlackElo "2166"]
[PlyCount "53"]
[EventDate "2019.08.10"]
[EventType "tourn (corr)"]
[EventRounds "4"]
[EventCountry "GER"]
[SourceTitle "Corr 2022"]
[Source "ChessBase"]
[SourceDate "2021.10.24"]
[SourceVersion "1"]
[SourceVersionDate "2021.10.24"]
[SourceQuality "1"]

1. b3 e5 2. Bb2 Nc6 3. e3 f5 4. d4 d6 5. Nf3 e4 6. d5 exf3 7. dxc6 bxc6 8. Qxf3 d5 9. c4 Bb4+ 10. Nc3 Nf6 11. 0-0-0 0-0 12. cxd5 Bxc3 13. Bxc3 cxd5 14. Bxf6 Qxf6 15. Qxd5+ Be6 16. Qd4 Qe7 17. Bc4 Rfd8 18. Bxe6+ Qxe6 19. Qxd8+ Rxd8 20. Rxd8+ Kf7 21. Rd2 Qc6+ 22. Rc2 Qxg2 23. Rd1 Qxh2 24. Rd7+ Kf6 25. f4 Qg1+ 26. Kb2 Qxe3 27. Rc6+ 1-0

[Event "OP-2019-0-04825"]
[Site "LSS email"]
[Date "2019.08.13"]
[Round "?"]
[White "Radosevic, Nenad"]
[Black "Tyutyunnik, Roman"]
[Result "0-1"]
[WhiteElo "2166"]
[BlackElo "2188"]
[PlyCount "44"]
[EventDate "2019.08.07"]
[EventType "tourn (corr)"]
[EventRounds "4"]
[EventCountry "GER"]
[SourceTitle "Corr 2022"]
[Source "ChessBase"]
[SourceDate "2021.10.24"]
[SourceVersion "1"]
[SourceVersionDate "2021.10.24"]
[SourceQuality "1"]

1. d4 Nf6 2. c4 g6 3. Nc3 Bg7 4. e4 d6 5. Nf3 0-0 6. Be2 e5 7. 0-0 Nc6 8. d5 Ne7 9. Ne1 Nd7 10. Nd3 f5 11. f3 f4 12. Bd2 g5 13. Rc1 h5 14. b4 Ng6 15. c5 Nf6 16. cxd6 cxd6 17. Nb5 Rf7 18. Qc2 Ne8 19. a4 a6 20. Na3 g4 21. Nc4 g3 22. a5 Qh4 0-1

[Event "Belgrade-chTB Quality"]
[Site "Belgrade"]
[Date "2018.10.06"]
[Round "3.1"]
[White "Radosevic, Nenad"]
[Black "Milosevic, Milos"]
[Result "0-1"]
[WhiteElo "2173"]
[BlackElo "2292"]
[PlyCount "70"]
[EventDate "2018.09.29"]
[EventType "team-tourn"]
[EventRounds "11"]
[EventCountry "SRB"]
[SourceTitle "CBM 187 Extra"]
[Source "ChessBase"]
[SourceDate "2018.11.04"]
[SourceVersion "1"]
[SourceVersionDate "2018.11.04"]
[SourceQuality "1"]
[WhiteTeam "Belgrade Visan"]
[BlackTeam "Belgrade Turbina"]
[WhiteTeamCountry "SRB"]
[BlackTeamCountry "SRB"]

1. d4 Nf6 2. Nf3 g6 3. Bf4 Bg7 4. e3 0-0 5. Be2 d6 6. h3 c5 7. c3 Nc6 8. 0-0 cxd4 9. exd4 Nd5 10. Bh2 e5 11. Qb3 Nb6 12. dxe5 dxe5 13. Rd1 Qe7 14. Qa3 Re8 15. Qxe7 Rxe7 16. Na3 Bf5 17. Nc4 Na4 18. Rd2 e4 19. Nd4 Nxd4 20. cxd4 Rd8 21. d5 b5 22. Na5 Bd7 23. Rad1 Nxb2 24. Nc6 Ree8 25. Nxd8 Nxd1 26. Nxf7 Nxf2 27. Nd6 Rf8 28. Nxb5 Bh6 29. Rc2 Be3 30. Bg3 Nd3+ 31. Kh2 Bxb5 32. d6 Bb6 33. Bg4 Kf7 34. Bh4 h5 35. Bc8 Nc5 0-1

[Event "Belgrade-chT"]
[Site "Belgrade"]
[Date "2016.10.15"]
[Round "7.6"]
[White "Radosevic, Nenad"]
[Black "Joksimovic, Dragoljub"]
[Result "0-1"]
[WhiteElo "2166"]
[BlackElo "2170"]
[PlyCount "113"]
[EventDate "2016.10.08"]
[EventType "team-tourn"]
[EventRounds "13"]
[EventCountry "SRB"]
[SourceTitle "CBM 175 Extra"]
[Source "ChessBase"]
[SourceDate "2016.12.12"]
[SourceVersion "1"]
[SourceVersionDate "2016.12.12"]
[SourceQuality "1"]
[WhiteTeam "Cyril i Metodije"]
[BlackTeam "Politika"]
[WhiteTeamCountry "SRB"]
[BlackTeamCountry "SRB"]

1. d4 Nf6 2. Nf3 g6 3. c4 Bg7 4. Nc3 0-0 5. e4 d6 6. Be2 c6 7. h3 a6 8. Qc2 b5 9. d5 bxc4 10. Bxc4 Bb7 11. Qb3 Qc8 12. Bg5 Nbd7 13. Rc1 h6 14. Be3 Nc5 15. Bxc5 dxc5 16. dxc6 Bxc6 17. Ne5 e6 18. Nxg6 Re8 19. Ne5 Nxe4 20. Nxc6 Qxc6 21. 0-0 Nd2 22. Qa4 Qxa4 23. Nxa4 Nxf1 24. Bxf1 Bd4 25. b3 a5 26. Nxc5 Rec8 27. Nd3 Rxc1 28. Nxc1 Rc8 29. Bc4 Bb6 30. Kf1 Rd8 31. Nd3 Kg7 32. Ke2 Bd4 33. f4 Kf6 34. Kf3 Bc3 35. g4 Ke7 36. a4 f6 37. Ke4 Rd4+ 38. Ke3 Rd8 39. Ke4 Kd6 40. f5 e5 41. Bf7 Kc7 42. Bc4 Rd4+ 43. Ke3 h5 44. Nf2 Bd2+ 45. Kf3 Rf4+ 46. Ke2 Bb4 47. Nd3 Rd4 48. Kf3 e4+ 49. Ke3 Rxd3+ 50. Bxd3 exd3 51. Kxd3 hxg4 52. hxg4 Kd6 53. Ke4 Bd2 54. Kd3 Be1 55. Ke4 Kc5 56. g5 fxg5 57. f6 0-1

[Event "Belgrade-chT"]
[Site "Belgrade"]
[Date "2016.10.11"]
[Round "4.1"]
[White "Radosevic, Nenad"]
[Black "Velickovic, Sasa"]
[Result "1-0"]
[WhiteElo "2166"]
[BlackElo "2352"]
[PlyCount "121"]
[EventDate "2016.10.08"]
[EventType "team-tourn"]
[EventRounds "13"]
[EventCountry "SRB"]
[SourceTitle "EXT 2017"]
[Source "ChessBase"]
[SourceDate "2016.10.25"]
[SourceVersion "1"]
[SourceVersionDate "2016.10.25"]
[SourceQuality "1"]
[WhiteTeam "Cyril i Metodije"]
[BlackTeam "Crvena Zvezda"]
[WhiteTeamCountry "SRB"]
[BlackTeamCountry "SRB"]

1. d4 Nf6 2. Nf3 g6 3. c4 c5 4. d5 Bg7 5. Nc3 d6 6. e4 0-0 7. Be2 e6 8. h3 exd5 9. exd5 Bf5 10. g4 Be4 11. 0-0 Bxf3 12. Bxf3 Nbd7 13. Bf4 Ne8 14. Be2 a6 15. Re1 Bd4 16. Bf1 Rb8 17. Bg3 Be5 18. f4 Bg7 19. Qc2 Nc7 20. a4 Nf6 21. Bf2 Qd7 22. Qd3 Rfe8 23. Qf3 Rxe1 24. Rxe1 Re8 25. b3 Qd8 26. g5 Rxe1 27. Bxe1 Nh5 28. Ne4 Bd4+ 29. Bf2 Bxf2+ 30. Kxf2 Na8 31. Qg4 Ng7 32. Ng3 Kf8 33. Bd3 f5 34. Qe2 Qa5 35. Qe1 Qxe1+ 36. Kxe1 a5 37. h4 Nc7 38. h5 Nxh5 39. Nxh5 gxh5 40. Bxf5 Kg7 41. Kf2 h6 42. Kg3 hxg5 43. fxg5 Ne8 44. Kh4 Kf7 45. Kxh5 Ng7+ 46. Kg4 Ke7 47. Bg6 Kf8 48. Bf5 Kf7 49. Bc8 b6 50. Bd7 Kf8 51. Be6 Ke7 52. Kh4 Kf8 53. g6 Ke7 54. Kg5 Ne8 55. Kh6 Kf8 56. Bd7 Ng7 57. Kh7 Nh5 58. g7+ Nxg7 59. Kg6 Kg8 60. Kf6 Kf8 61. Bb5 1-0

[Event "Belgrade-chT"]
[Site "Belgrade"]
[Date "2015.09.28"]
[Round "7.3"]
[White "Stojanovic, Sasa M"]
[Black "Radosevic, Nenad"]
[Result "1-0"]
[WhiteElo "2065"]
[BlackElo "2204"]
[PlyCount "79"]
[EventDate "2015.09.21"]
[EventType "team-tourn"]
[EventRounds "9"]
[EventCountry "SRB"]
[SourceTitle "CBM 168 Extra"]
[Source "ChessBase"]
[SourceDate "2015.10.29"]
[SourceVersion "1"]
[SourceVersionDate "2015.10.29"]
[SourceQuality "1"]
[WhiteTeam "Politika"]
[BlackTeam "MZ Cirilo i Metodije"]
[WhiteTeamCountry "SRB"]
[BlackTeamCountry "SRB"]

1. e4 e6 2. Nf3 d5 3. Nc3 Nf6 4. e5 Nfd7 5. d4 c5 6. dxc5 Nc6 7. Bf4 Bxc5 8. Bd3 a6 9. 0-0 Qc7 10. Bg3 Ndxe5 11. Nxe5 Nxe5 12. Nxd5 Qd8 13. Bxe5 Qxd5 14. Re1 Kf8 15. c4 Qd8 16. Qf3 Bd6 17. Bc3 Qc7 18. h3 Bd7 19. b4 Rd8 20. c5 Bh2+ 21. Kh1 Bf4 22. Be4 Bc6 23. Bxc6 bxc6 24. g3 Bd2 25. Bxd2 Rxd2 26. Rxe6 Rd5 27. Rae1 Qc8 28. Kg2 h5 29. Re7 f6 30. Qf4 Rh6 31. Rc7 Qd8 32. Ree7 Qxe7 33. Rxe7 Kxe7 34. Qc7+ Rd7 35. Qxc6 f5 36. Qf3 Rf6 37. a4 g6 38. c6 Rc7 39. b5 axb5 40. axb5 1-0

[Event "Belgrade-chT"]
[Site "Belgrade"]
[Date "2015.09.27"]
[Round "6.4"]
[White "Radosevic, Nenad"]
[Black "Cvetkovic, Nemanja"]
[Result "0-1"]
[WhiteElo "2204"]
[BlackElo "2254"]
[PlyCount "70"]
[EventDate "2015.09.21"]
[EventType "team-tourn"]
[EventRounds "9"]
[EventCountry "SRB"]
[SourceTitle "CBM 168 Extra"]
[Source "ChessBase"]
[SourceDate "2015.10.29"]
[SourceVersion "1"]
[SourceVersionDate "2015.10.29"]
[SourceQuality "1"]
[WhiteTeam "MZ Cirilo i Metodije"]
[BlackTeam "Belgrade Sigurnost"]
[WhiteTeamCountry "SRB"]
[BlackTeamCountry "SRB"]

1. d4 d5 2. Nf3 c6 3. g3 Nf6 4. Bg2 e6 5. 0-0 Nbd7 6. c4 Bd6 7. Qc2 0-0 8. Nbd2 b6 9. e4 dxe4 10. Nxe4 Nxe4 11. Qxe4 Bb7 12. b3 Nf6 13. Qc2 c5 14. dxc5 Bxc5 15. Bb2 Be4 16. Qc3 Qe7 17. a3 Rfd8 18. Ne5 Bd4 19. Qc1 Bxg2 20. Kxg2 Qb7+ 21. Kg1 Bxe5 22. Bxe5 Ne4 23. Ra2 f6 24. Bf4 Rd3 25. f3 Nc5 26. b4 Nb3 27. Qb1 Rxf3 28. Rxf3 Qxf3 29. Rf2 Qc3 30. Qe4 Rd8 31. Qxe6+ Kh8 32. Re2 h6 33. Qe7 Rd1+ 34. Kg2 Nd4 35. Bxh6 Qf3+ 0-1

[Event "Belgrade-chT"]
[Site "Belgrade"]
[Date "2015.09.24"]
[Round "4.5"]
[White "Radosevic, Nenad"]
[Black "Mihajlovic, Miodrag"]
[Result "0-1"]
[WhiteElo "2204"]
[BlackElo "2090"]
[PlyCount "140"]
[EventDate "2015.09.21"]
[EventType "team-tourn"]
[EventRounds "9"]
[EventCountry "SRB"]
[SourceTitle "CBM 168 Extra"]
[Source "ChessBase"]
[SourceDate "2015.10.29"]
[SourceVersion "1"]
[SourceVersionDate "2015.10.29"]
[SourceQuality "1"]
[WhiteTeam "MZ Cirilo i Metodije"]
[BlackTeam "Belgrade Radnicki"]
[WhiteTeamCountry "SRB"]
[BlackTeamCountry "SRB"]

1. d4 Nf6 2. Nf3 d6 3. c4 g6 4. Nc3 Bg7 5. e4 0-0 6. Be2 c6 7. 0-0 a6 8. h3 Nfd7 9. Be3 a5 10. Qd2 Re8 11. Rfd1 Qc7 12. Bh6 Bh8 13. d5 a4 14. Rab1 Qa5 15. Qf4 Nf6 16. Qh4 Bg7 17. g4 Nfd7 18. Bd2 Qc7 19. Be3 a3 20. Bd4 axb2 21. Rxb2 Na6 22. Bxg7 Kxg7 23. Nd4 Nf8 24. Na4 Nc5 25. Nb6 Ra6 26. Nxc8 Rxc8 27. Bf3 cxd5 28. cxd5 Qd8 29. g5 Rca8 30. Rdd2 Rb6 31. Qh6+ Kg8 32. h4 Rxb2 33. Rxb2 Nfd7 34. h5 Ne5 35. hxg6 fxg6 36. Be2 Ra4 37. Rb3 Nf7 38. Qh4 Rxd4 39. Rh3 h5 40. Bxh5 e5 41. Bxg6 Qxg5+ 42. Qxg5 Nxg5 43. Rg3 Nf7 44. Bh5+ Kf8 45. Rf3 Ke7 46. Rxf7+ Kd8 47. Bg4 Ra4 48. f4 exf4 49. Rxf4 Nd3 50. Rf8+ Kc7 51. Rf7+ Kb6 52. Rd7 Kc5 53. Rxb7 Rxa2 54. Rc7+ Kd4 55. Rc6 Ne5 56. Bf5 Nxc6 57. dxc6 Ra1+ 58. Kf2 Rc1 59. Kf3 Ke5 60. Bg6 Rxc6 61. Ke3 d5 62. Bh7 d4+ 63. Kd3 Rc3+ 64. Kd2 Rg3 65. Ke2 d3+ 66. Kf2 d2 67. Ke2 Rd3 68. Kd1 Rd8 69. Bg6 Kf4 70. e5 Kxe5 0-1

[Event "Belgrade-chT"]
[Site "Belgrade"]
[Date "2015.09.22"]
[Round "2.5"]
[White "Radosevic, Nenad"]
[Black "Vrbljanac, Aleksandar"]
[Result "0-1"]
[WhiteElo "2204"]
[BlackElo "2269"]
[PlyCount "132"]
[EventDate "2015.09.21"]
[EventType "team-tourn"]
[EventRounds "9"]
[EventCountry "SRB"]
[SourceTitle "CBM 168 Extra"]
[Source "ChessBase"]
[SourceDate "2015.10.29"]
[SourceVersion "1"]
[SourceVersionDate "2015.10.29"]
[SourceQuality "1"]
[WhiteTeam "MZ Cirilo i Metodije"]
[BlackTeam "Bogoslov"]
[WhiteTeamCountry "SRB"]
[BlackTeamCountry "SRB"]

1. d4 Nf6 2. Nf3 g6 3. c4 d5 4. Nc3 Bg7 5. Bg5 Ne4 6. cxd5 Nxg5 7. Nxg5 e6 8. Qd2 exd5 9. Qe3+ Kf8 10. Qf4 Bf6 11. h4 h6 12. Nf3 Kg7 13. g4 c6 14. e3 Nd7 15. Bd3 b5 16. 0-0-0 b4 17. Ne2 Be7 18. Ng3 b3 19. axb3 a5 20. Bc2 a4 21. bxa4 Qb6 22. Ne5 Nxe5 23. dxe5 Rb8 24. b3 Qc5 25. Nf5+ gxf5 26. gxf5 Qa3+ 27. Kd2 Qb4+ 28. Qxb4 Bxb4+ 29. Ke2 Kf8 30. Rhg1 Ba6+ 31. Kf3 Re8 32. e6 fxe6 33. Rg6 Bc8 34. Rdg1 Ke7 35. Rg7+ Kd6 36. R1g6 Bc3 37. Ra7 Ke5 38. Ke2 h5 39. f6 Kd6 40. f7 Ref8 41. Kd3 Bb2 42. Bd1 Bd7 43. Kc2 Ba1 44. Kb1 Bc3 45. Kc2 Be1 46. f4 Rxf7 47. Rg5 Bb4 48. Rxh5 Rxh5 49. Bxh5 Rg7 50. a5 Rg2+ 51. Kb1 Bd2 52. a6 Bxe3 53. Ra8 Bxf4 54. a7 Be3 55. Be8 Bxa7 56. Bxd7 Kxd7 57. Rxa7+ Kd6 58. b4 e5 59. Ra6 Kc7 60. Ra7+ Kb6 61. Re7 Kb5 62. Rb7+ Kc4 63. Rb6 c5 64. b5 d4 65. Rb8 d3 66. Rd8 Kc3 0-1

[Event "Belgrade Trophy 28th"]
[Site "Belgrade"]
[Date "2014.11.30"]
[Round "7"]
[White "Savic, Nemanja"]
[Black "Radosevic, Nenad"]
[Result "0-1"]
[WhiteElo "2033"]
[BlackElo "2203"]
[PlyCount "64"]
[EventDate "2014.11.24"]
[EventType "swiss"]
[EventRounds "9"]
[EventCountry "SRB"]
[SourceTitle "CBM 163 Extra"]
[Source "ChessBase"]
[SourceDate "2014.12.23"]
[SourceVersion "1"]
[SourceVersionDate "2014.12.23"]
[SourceQuality "1"]

1. c4 Nf6 2. Nc3 g6 3. Nf3 d5 4. d4 Bg7 5. Qb3 dxc4 6. Qxc4 0-0 7. e4 Nfd7 8. Bf4 Nc6 9. d5 Nce5 10. Qb3 Nxf3+ 11. gxf3 Ne5 12. Be2 c5 13. 0-0 a6 14. Na4 c4 15. Qb6 Qd7 16. Qb4 Qc7 17. Bg3 b5 18. Nc3 Bh3 19. Rfd1 a5 20. d6 axb4 21. dxc7 bxc3 22. bxc3 Rfc8 23. Rd5 Nd3 24. Bxd3 cxd3 25. Rxd3 e5 26. Rd5 Rxc7 27. Rxb5 Rxc3 28. a4 Rxa4 29. Rb8+ Bf8 30. Rd1 Rd4 31. Ra1 Rcd3 32. Rbb1 f6 0-1